000 00435nam a2200181Ia 4500
001 15474
005 20260306170159.0
008 260306t1989||||xx |||||||||||||| ||und||
041 _aESP
082 _a540.112
_bK63
100 _aKlossowski de Rola, Stanislas
_eAUT
245 0 _aAlquimia:
_bel arte secreto
260 _c1989
300 _a128 páginas :
_c27 cm.
650 _aGEN
654 _aCCN
942 _cLIB
_dJUS
_fJUS
_2ddc
_n
999 _c15474
_d15474